<?xml version="1.0" encoding="UTF-8"?>
<record
    xmlns:xsi="http://www.w3.org/2001/XMLSchema-instance"
    xsi:schemaLocation="http://www.loc.gov/MARC21/slim http://www.loc.gov/standards/marcxml/schema/MARC21slim.xsd"
    xmlns="http://www.loc.gov/MARC21/slim">

  <leader>02597nam a22003017a 4500</leader>
  <controlfield tag="003">OSt</controlfield>
  <controlfield tag="005">20231004203227.0</controlfield>
  <controlfield tag="008">230724b           ||||| |||| 00| 0 eng d</controlfield>
  <datafield tag="020" ind1=" " ind2=" ">
    <subfield code="a">9789719817178</subfield>
  </datafield>
  <datafield tag="040" ind1=" " ind2=" ">
    <subfield code="a">CvSU-CCAT Campus Library.</subfield>
    <subfield code="b">English.</subfield>
    <subfield code="c">CvSU-CCAT Campus Library.</subfield>
    <subfield code="e">rda.</subfield>
  </datafield>
  <datafield tag="050" ind1=" " ind2=" ">
    <subfield code="a">F LC 220.5</subfield>
    <subfield code="b">V55 2022</subfield>
  </datafield>
  <datafield tag="100" ind1=" " ind2=" ">
    <subfield code="a">Villasoto, Herminigildo S., author.</subfield>
    <subfield code="9">7246</subfield>
  </datafield>
  <datafield tag="245" ind1=" " ind2=" ">
    <subfield code="a">Human person gearing towards social development :</subfield>
    <subfield code="b">NSTP-CWTS 1 A Worktext for College Students /</subfield>
    <subfield code="c">Herminigildo S. Villasoto and Noemie S. Villasoto.</subfield>
  </datafield>
  <datafield tag="250" ind1=" " ind2=" ">
    <subfield code="a">Third edition.</subfield>
  </datafield>
  <datafield tag="260" ind1=" " ind2=" ">
    <subfield code="a">Quezon City :</subfield>
    <subfield code="b">C &amp; E Publishing, Inc.,</subfield>
    <subfield code="c">c2022.</subfield>
  </datafield>
  <datafield tag="300" ind1=" " ind2=" ">
    <subfield code="a">xiii, 252 pages ;</subfield>
    <subfield code="c">26 cm</subfield>
  </datafield>
  <datafield tag="500" ind1=" " ind2=" ">
    <subfield code="a">An Outcome-Based Education (OBE) Approach.</subfield>
  </datafield>
  <datafield tag="504" ind1=" " ind2=" ">
    <subfield code="a">Includes bibliographical references.</subfield>
  </datafield>
  <datafield tag="505" ind1=" " ind2=" ">
    <subfield code="a">Contents:
Preface
Acknowledgements
I.	National Service Training Program
II.	The Nature of the Human Person
III.	Values Development for Citizenship Training
IV.	Leadership Training
V.	Fundamentals of Group Dynamics
VI.	Dimension of Development: Health Awareness
VII.	Dimension of Development: First Aid Education
VIII.	Dimension of Development: Entrepreneurship
IX.	Dimension of Development: Recreation, Physical Fitness, and Wellness
X.	The Social Menace of Drug Addiction
XI.	Safety Preparedness and Security
XII.	Global Warming, Disaster Risk Reduction, and Waste Management
XIII.	Volunteerism
Appendices
Bibliography
The Authors
</subfield>
  </datafield>
  <datafield tag="520" ind1=" " ind2=" ">
    <subfield code="a">This book serves as guide in the implementation of the National Service Training Program-Civic Welfare Training Service (NSTP-CWTS 1) in compliance with the NSTP Act of 2001 (Republic Act No. 9163) and in Accordance with its newly revised implementing Rules and Regulations dated November 13, 2009. The topics tackled by the worktext are based on the minimum standards for NSTP common and specific modules and on various references and sources aligned with the program content suggested by the Commission on Higher Education (CHED) and Technical Education and Skills Development Authority (TESDA). This worktext focuses on CWTS as it aims to encourage, develop, and train students to become efficient and effective civic leaders of the community.</subfield>
  </datafield>
  <datafield tag="546" ind1=" " ind2=" ">
    <subfield code="a">In English text.</subfield>
  </datafield>
  <datafield tag="650" ind1=" " ind2=" ">
    <subfield code="a">Service training</subfield>
    <subfield code="z">Philippines.</subfield>
    <subfield code="9">4046</subfield>
  </datafield>
  <datafield tag="650" ind1=" " ind2=" ">
    <subfield code="a">Military education</subfield>
    <subfield code="z">Philippines.</subfield>
    <subfield code="9">4045</subfield>
  </datafield>
  <datafield tag="650" ind1=" " ind2=" ">
    <subfield code="a">Student volunteers in social service</subfield>
    <subfield code="z">Philippines.</subfield>
    <subfield code="9">4047</subfield>
  </datafield>
  <datafield tag="700" ind1=" " ind2=" ">
    <subfield code="a">Villasoto, Noemie S., author.</subfield>
  </datafield>
  <datafield tag="942" ind1=" " ind2=" ">
    <subfield code="c">BK</subfield>
    <subfield code="e">Third edition.</subfield>
    <subfield code="h">LC 220.5 V55 2022</subfield>
    <subfield code="k">F</subfield>
    <subfield code="2">lcc</subfield>
  </datafield>
  <datafield tag="999" ind1=" " ind2=" ">
    <subfield code="c">2346</subfield>
    <subfield code="d">2346</subfield>
  </datafield>
  <datafield tag="952" ind1=" " ind2=" ">
    <subfield code="0">0</subfield>
    <subfield code="1">0</subfield>
    <subfield code="2">lcc</subfield>
    <subfield code="4">0</subfield>
    <subfield code="7">0</subfield>
    <subfield code="8">NF</subfield>
    <subfield code="a">CCATLIB</subfield>
    <subfield code="b">CCATLIB</subfield>
    <subfield code="c">F</subfield>
    <subfield code="d">2023-04-27</subfield>
    <subfield code="f">FIL</subfield>
    <subfield code="g">443.00</subfield>
    <subfield code="o">F LC 220.5 V55 2022</subfield>
    <subfield code="p">R0013321</subfield>
    <subfield code="r">2025-10-15 00:00:00</subfield>
    <subfield code="t">c.1</subfield>
    <subfield code="w">2023-07-24</subfield>
    <subfield code="y">BK</subfield>
  </datafield>
  <datafield tag="952" ind1=" " ind2=" ">
    <subfield code="0">0</subfield>
    <subfield code="1">0</subfield>
    <subfield code="2">lcc</subfield>
    <subfield code="4">0</subfield>
    <subfield code="7">0</subfield>
    <subfield code="8">NF</subfield>
    <subfield code="a">CCATLIB</subfield>
    <subfield code="b">CCATLIB</subfield>
    <subfield code="c">F</subfield>
    <subfield code="d">2023-04-27</subfield>
    <subfield code="f">FIL</subfield>
    <subfield code="g">443.00</subfield>
    <subfield code="o">F LC 220.5 V55 2022</subfield>
    <subfield code="p">R001322</subfield>
    <subfield code="r">2023-07-24 00:00:00</subfield>
    <subfield code="t">c.2</subfield>
    <subfield code="w">2023-07-24</subfield>
    <subfield code="y">BK</subfield>
  </datafield>
  <datafield tag="952" ind1=" " ind2=" ">
    <subfield code="0">0</subfield>
    <subfield code="1">0</subfield>
    <subfield code="2">lcc</subfield>
    <subfield code="4">0</subfield>
    <subfield code="7">0</subfield>
    <subfield code="8">NF</subfield>
    <subfield code="a">CCATLIB</subfield>
    <subfield code="b">CCATLIB</subfield>
    <subfield code="c">F</subfield>
    <subfield code="d">2023-04-27</subfield>
    <subfield code="f">FIL</subfield>
    <subfield code="g">443.00</subfield>
    <subfield code="o">F LC 220.5 V55 2022</subfield>
    <subfield code="p">R0013323</subfield>
    <subfield code="r">2025-10-15 00:00:00</subfield>
    <subfield code="t">c.3</subfield>
    <subfield code="w">2023-07-24</subfield>
    <subfield code="y">BK</subfield>
  </datafield>
</record>
